| 000 | 00695nam a2200229Ia 4500 | ||
|---|---|---|---|
| 005 | 20250425162634.0 | ||
| 008 | 250425s9999 xx 000 0 und d | ||
| 020 | _a9780123695284 | ||
| 041 | _aeng | ||
| 082 |
_a621.3815 _pASH |
||
| 100 | _aAshenden, Peter J. | ||
| 245 | 0 |
_aDigital Design _bAn Embedded Systems Approach Using VHDL _cPeter J. Ashenden |
|
| 260 |
_aEstados Unidos _bElsevier _c2008 |
||
| 300 |
_a573 p. _bIlustrado _c23 cm |
||
| 500 | _aIncluye tabla de contenido, indice | ||
| 650 | _aCircuitos electrónicos | ||
| 650 | _aDiseño digital | ||
| 650 | _aVHDL (Lenguaje de descripción de hardware) | ||
| 902 |
_aMonográfico _cImpreso |
||
| 942 | _c01 | ||
| 010 | _a92163 | ||
| 999 |
_c233369 _d233369 |
||